<?xml version="1.0" encoding="UTF-8"?>
<record
    xmlns:xsi="http://www.w3.org/2001/XMLSchema-instance"
    xsi:schemaLocation="http://www.loc.gov/MARC21/slim http://www.loc.gov/standards/marcxml/schema/MARC21slim.xsd"
    xmlns="http://www.loc.gov/MARC21/slim">

  <leader>00720nam a22001577a 4500</leader>
  <controlfield tag="003">OSt</controlfield>
  <controlfield tag="005">20151024145805.0</controlfield>
  <controlfield tag="008">151024b        xxu||||| |||| 00| 0 eng d</controlfield>
  <datafield tag="040" ind1=" " ind2=" ">
    <subfield code="c">RUA</subfield>
  </datafield>
  <datafield tag="082" ind1=" " ind2=" ">
    <subfield code="a">AVM NON 2013 B106 Or.1</subfield>
  </datafield>
  <datafield tag="100" ind1=" " ind2=" ">
    <subfield code="9">2804</subfield>
    <subfield code="a">NONG, SOMNANG.</subfield>
  </datafield>
  <datafield tag="245" ind1=" " ind2=" ">
    <subfield code="a">study on persent of nematodes gastrointestinal in crossbreed pigs at baty district, takeo province (&#x1780;&#x17B6;&#x179A;&#x179F;&#x17B7;&#x1780;&#x17D2;&#x179F;&#x17B6;&#x1796;&#x17B8;&#x179C;&#x178F;&#x17D2;&#x178F;&#x1798;&#x17B6;&#x1793;&#x200B; nematodes &#x1780;&#x17BE;&#x178F;&#x1798;&#x17B6;&#x1793;&#x1793;&#x17C5;&#x1780;&#x17D2;&#x1793;&#x17BB;&#x1784;&#x1780;&#x17D2;&#x179A;&#x1796;&#x17C7;&#x1796;&#x17C4;&#x17C7;&#x179C;&#x17C0;&#x1793;&#x1787;&#x17D2;&#x179A;&#x17BC;&#x1780;&#x1796;&#x17BC;&#x1787;&#x1780;&#x17BC;&#x1793;&#x1780;&#x17B6;&#x178F;&#x17CB; &#x1793;&#x17C5;&#x179F;&#x17D2;&#x179A;&#x17BB;&#x1780;&#x1794;&#x17B6;&#x1791;&#x17B8;&#x200B;&#x1781;&#x17C1;&#x178F;&#x17D2;&#x178F;&#x178F;&#x17B6;&#x1780;&#x17C2;&#x179C;)</subfield>
  </datafield>
  <datafield tag="260" ind1=" " ind2=" ">
    <subfield code="a">Phnom Penh</subfield>
    <subfield code="b">RUA</subfield>
    <subfield code="c">2013</subfield>
  </datafield>
  <datafield tag="300" ind1=" " ind2=" ">
    <subfield code="a">viii, 43p.</subfield>
    <subfield code="b">ill.</subfield>
    <subfield code="c">29cm.</subfield>
  </datafield>
  <datafield tag="942" ind1=" " ind2=" ">
    <subfield code="2">ddc</subfield>
    <subfield code="c">AVM</subfield>
  </datafield>
  <datafield tag="999" ind1=" " ind2=" ">
    <subfield code="c">2623</subfield>
    <subfield code="d">2623</subfield>
  </datafield>
  <datafield tag="952" ind1=" " ind2=" ">
    <subfield code="0">0</subfield>
    <subfield code="1">0</subfield>
    <subfield code="2">ddc</subfield>
    <subfield code="4">0</subfield>
    <subfield code="6">AVM_NON_2013_000000000000000_B106_OR_1</subfield>
    <subfield code="7">0</subfield>
    <subfield code="9">12232</subfield>
    <subfield code="a">LBB</subfield>
    <subfield code="b">LBB</subfield>
    <subfield code="c">B106</subfield>
    <subfield code="d">2015-10-24</subfield>
    <subfield code="l">1</subfield>
    <subfield code="o">AVM NON 2013 B106 Or.1</subfield>
    <subfield code="p">RUA016299</subfield>
    <subfield code="r">2018-05-22</subfield>
    <subfield code="s">2018-05-16</subfield>
    <subfield code="w">2015-10-24</subfield>
    <subfield code="y">AVM</subfield>
  </datafield>
  <datafield tag="952" ind1=" " ind2=" ">
    <subfield code="0">0</subfield>
    <subfield code="1">0</subfield>
    <subfield code="2">ddc</subfield>
    <subfield code="4">0</subfield>
    <subfield code="6">AVM_NON_2013_000000000000000_B106_OR_2</subfield>
    <subfield code="7">0</subfield>
    <subfield code="9">12233</subfield>
    <subfield code="a">LBB</subfield>
    <subfield code="b">LBB</subfield>
    <subfield code="c">B106</subfield>
    <subfield code="d">2015-10-24</subfield>
    <subfield code="l">1</subfield>
    <subfield code="o">AVM NON 2013 B106 Or.2</subfield>
    <subfield code="p">RUA016442</subfield>
    <subfield code="r">2017-02-16</subfield>
    <subfield code="s">2017-01-24</subfield>
    <subfield code="w">2015-10-24</subfield>
    <subfield code="y">AVM</subfield>
  </datafield>
  <datafield tag="952" ind1=" " ind2=" ">
    <subfield code="0">0</subfield>
    <subfield code="1">0</subfield>
    <subfield code="2">ddc</subfield>
    <subfield code="4">0</subfield>
    <subfield code="6">AVM_NON_2013_000000000000000_B106_OR_3</subfield>
    <subfield code="7">0</subfield>
    <subfield code="9">12234</subfield>
    <subfield code="a">LBB</subfield>
    <subfield code="b">LBB</subfield>
    <subfield code="c">B106</subfield>
    <subfield code="d">2015-10-24</subfield>
    <subfield code="o">AVM NON 2013 B106 Or.3</subfield>
    <subfield code="p">RUA016370</subfield>
    <subfield code="r">2015-10-24</subfield>
    <subfield code="w">2015-10-24</subfield>
    <subfield code="y">AVM</subfield>
  </datafield>
  <datafield tag="952" ind1=" " ind2=" ">
    <subfield code="0">0</subfield>
    <subfield code="1">0</subfield>
    <subfield code="2">ddc</subfield>
    <subfield code="4">0</subfield>
    <subfield code="6">AVM_NON_2013_000000000000000_B106_OR_4</subfield>
    <subfield code="7">0</subfield>
    <subfield code="9">12235</subfield>
    <subfield code="a">LBB</subfield>
    <subfield code="b">LBB</subfield>
    <subfield code="c">B106</subfield>
    <subfield code="d">2015-10-24</subfield>
    <subfield code="l">1</subfield>
    <subfield code="o">AVM NON 2013 B106 Or.4</subfield>
    <subfield code="p">RUA016298</subfield>
    <subfield code="r">2016-07-08</subfield>
    <subfield code="s">2016-05-26</subfield>
    <subfield code="w">2015-10-24</subfield>
    <subfield code="y">AVM</subfield>
  </datafield>
  <datafield tag="952" ind1=" " ind2=" ">
    <subfield code="0">0</subfield>
    <subfield code="1">0</subfield>
    <subfield code="2">ddc</subfield>
    <subfield code="4">0</subfield>
    <subfield code="6">AVM_NON_2013_000000000000000_B106_OR_5</subfield>
    <subfield code="7">0</subfield>
    <subfield code="9">12236</subfield>
    <subfield code="a">LBB</subfield>
    <subfield code="b">LBB</subfield>
    <subfield code="c">B106</subfield>
    <subfield code="d">2015-10-24</subfield>
    <subfield code="o">AVM NON 2013 B106 Or.5</subfield>
    <subfield code="p">RUA016369</subfield>
    <subfield code="r">2015-10-24</subfield>
    <subfield code="w">2015-10-24</subfield>
    <subfield code="y">AVM</subfield>
  </datafield>
  <datafield tag="952" ind1=" " ind2=" ">
    <subfield code="0">0</subfield>
    <subfield code="1">0</subfield>
    <subfield code="2">ddc</subfield>
    <subfield code="4">0</subfield>
    <subfield code="6">AVM_NON_2013_000000000000000_B106_OR_6</subfield>
    <subfield code="7">0</subfield>
    <subfield code="9">12237</subfield>
    <subfield code="a">LBB</subfield>
    <subfield code="b">LBB</subfield>
    <subfield code="c">B106</subfield>
    <subfield code="d">2015-10-24</subfield>
    <subfield code="l">1</subfield>
    <subfield code="o">AVM NON 2013 B106 Or.6</subfield>
    <subfield code="p">RUA016441</subfield>
    <subfield code="r">2016-06-09</subfield>
    <subfield code="s">2016-05-26</subfield>
    <subfield code="w">2015-10-24</subfield>
    <subfield code="y">AVM</subfield>
  </datafield>
  <datafield tag="952" ind1=" " ind2=" ">
    <subfield code="0">0</subfield>
    <subfield code="1">0</subfield>
    <subfield code="2">ddc</subfield>
    <subfield code="4">0</subfield>
    <subfield code="6">AVM_NON_2013_000000000000000_B106_OR_7</subfield>
    <subfield code="7">0</subfield>
    <subfield code="9">12238</subfield>
    <subfield code="a">LBB</subfield>
    <subfield code="b">LBB</subfield>
    <subfield code="c">B106</subfield>
    <subfield code="d">2015-10-24</subfield>
    <subfield code="o">AVM NON 2013 B106 Or.7</subfield>
    <subfield code="p">RUA016297</subfield>
    <subfield code="r">2015-10-24</subfield>
    <subfield code="w">2015-10-24</subfield>
    <subfield code="y">AVM</subfield>
  </datafield>
  <datafield tag="952" ind1=" " ind2=" ">
    <subfield code="0">0</subfield>
    <subfield code="1">0</subfield>
    <subfield code="2">ddc</subfield>
    <subfield code="4">0</subfield>
    <subfield code="6">AVM_NON_2013_000000000000000_B106_OR_8</subfield>
    <subfield code="7">0</subfield>
    <subfield code="9">12239</subfield>
    <subfield code="a">LBB</subfield>
    <subfield code="b">LBB</subfield>
    <subfield code="c">B106</subfield>
    <subfield code="d">2015-10-24</subfield>
    <subfield code="o">AVM NON 2013 B106 Or.8</subfield>
    <subfield code="p">RUA016434</subfield>
    <subfield code="r">2015-10-24</subfield>
    <subfield code="w">2015-10-24</subfield>
    <subfield code="y">AVM</subfield>
  </datafield>
  <datafield tag="952" ind1=" " ind2=" ">
    <subfield code="0">0</subfield>
    <subfield code="1">0</subfield>
    <subfield code="2">ddc</subfield>
    <subfield code="4">0</subfield>
    <subfield code="6">AVM_NON_2013_000000000000000_B1_230_OR_1</subfield>
    <subfield code="7">0</subfield>
    <subfield code="9">79451</subfield>
    <subfield code="a">LBB</subfield>
    <subfield code="b">LBB</subfield>
    <subfield code="c">B1.230</subfield>
    <subfield code="d">2019-07-15</subfield>
    <subfield code="o">AVM NON 2013 B1.230 Or.1</subfield>
    <subfield code="p">A40568</subfield>
    <subfield code="r">2019-07-15</subfield>
    <subfield code="w">2019-07-15</subfield>
    <subfield code="y">AVM</subfield>
  </datafield>
  <datafield tag="952" ind1=" " ind2=" ">
    <subfield code="0">0</subfield>
    <subfield code="1">0</subfield>
    <subfield code="2">ddc</subfield>
    <subfield code="4">0</subfield>
    <subfield code="6">AVM_NON_2013_000000000000000_B1_230_OR_1</subfield>
    <subfield code="7">0</subfield>
    <subfield code="9">79458</subfield>
    <subfield code="a">LBB</subfield>
    <subfield code="b">LBB</subfield>
    <subfield code="c">B1.230</subfield>
    <subfield code="d">2019-07-15</subfield>
    <subfield code="o">AVM NON 2013 B1.230 Or.1</subfield>
    <subfield code="p">A40057</subfield>
    <subfield code="r">2019-07-15</subfield>
    <subfield code="w">2019-07-15</subfield>
    <subfield code="y">AVM</subfield>
  </datafield>
</record>
